000 00550 a2200193 4500
020 _a8177581066
024 _a9788177581065
082 _a338.5
090 _c5766
_d5766
100 _aJehle, Geoffrey A.; Reny Philip J.
245 _aAdvanced Microeconomic Theory
_cGeoffrey A. Jehle
_hPhilip J. Reny
250 _a2nd Ed.
260 _aNew Delhli, India
_bPearson Education, Inc.
_c2008
300 _a543
500 _apaperback
505 _tGeoffrey A. Jehle
600 _aGeoffrey A. Jehle, Philip, J. Reny
942 _aNBS
_cBK
_k338.5 JEH
999 _c348166
_d348166